000 01579njm a22003137a 4500
005 20100914100343.0
007 sd ammalaaahaa
008 100914t xxu||||| |||| 00| 0 hin d
028 _a7EPE 7018
_bHis Master's Voice
035 _aGR-02322
040 _aSED/VEN
100 _919851
_aMangeshkar, Lata
245 _aMeri dosti tera pyar /
_cby Lata Mangeshkar [and] Mukesh ; music by Mahesh & Naresh ; lyric by prakash Pankaj
_h[sound recording] :
246 _aमेरी दोस्ती तेरा प्यार (लता मंगेशकर )
260 _aDum Dum India
_bHis Master's Voice
_c1973
300 _a1 sound recording [Gramophone record] :
_banalog, 45/1/3
_c7 in.
_fGramophone Record
500 _aBrief Record
500 _aHis Master's Voice
500 _aOrange
500 _aExtended Play
505 _aTera naam leke part 1 (Meri dosti tera pyar) (Lata Mangeshkar) तेरा नाम लेके पार्ट १ (मेरी दोस्ती तेरा प्यार ) (लता मंगेशकर ) Ruk ja mere yaar part 2 (Meri dosti tera pyar) (Mahendra Kapoor) रुक जा मेरे यार पार्ट २ (मेरी दोस्ती तेरा प्यार ) (महेंद्र कपूर )
650 _aClasical Music
_xExcerts
_zIndia
_919852
_vFilmi Song
700 _919876
_aMahesh & Naresh
700 _919904
_aPrakash Pankaj
700 _919983
700 _919984
942 _2ddc
_cGR
999 _c45717
_d45717